000 00580nam a2200169Ia 4500
003 GCL
008 140319s9999 xx 000 0 ara d
040 _aGCL /
_cGCL
082 0 4 _a005.3
_bهـ ف
100 1 _aهام، روبرت شامل بوت
245 1 0 _aفوتو شوب 6 فى خطوات سهلة /
_cهام، روبرت شامل بوت
260 _aالقاهرة :
_bدار الفاروق للنشر والتوزيع
300 _a235 ص ؛
_c24 سم
650 0 4 _aالحاسبات الالكترونية - برامج
650 0 4 _aفوتو شوب 6
942 _2ddc
_cBK
999 _c7195
_d7195